Microfossils of the late proterozoic debengdinskaya formation of the olenekskiy uplift; Bulletin of the Tomsk Polytechnic University; Vol. 311, № 1

Bibliographic Details
Parent link:Bulletin of the Tomsk Polytechnic University/ Tomsk Polytechnic University (TPU).— , 2006-2007
Vol. 311, № 1.— 2007.— [P. 9-14]
Other Authors: Stanevich A. M., Maksimova E. N., Kornilova T. A., Mazukabzov A. M., Gladkochub D. P.
Summary:Заглавие с титульного листа
Электронная версия печатной публикации
Microfossils from the Middle Riphean Debengdinskaya formation of the Olenekskiy uplift have been studied. Various stenoorganic forms of acritarchs and cyanobacteries are described. Morphological groups which are preliminary compared with large flora taxons are allocated among acritarchs : brown and green seaweed, mushrooms, seaweed located in symbiotic relations (?) with cyanobionts. The prematurity of radical conclusions about age of the deposit based on majority of Proterozoic microfossils is underlined
Language:English
Published: 2007
Series:Historical geology
Subjects:
Online Access:http://www.lib.tpu.ru/fulltext/v/Bulletin_TPU/2007/v311eng/i1/02.pdf
Format: Electronic Book Chapter
KOHA link:https://koha.lib.tpu.ru/cgi-bin/koha/opac-detail.pl?biblionumber=182483

MARC

LEADER 00000nla2a2200000 4500
001 182483
005 20231031171320.0
035 |a (RuTPU)RU\TPU\book\197823 
035 |a RU\TPU\book\197815 
090 |a 182483 
100 |a 20100622d2007 k y0rusy50 ca 
101 1 |a eng  |c rus 
102 |a RU 
135 |a drnn ---uucaa 
200 1 |a Microfossils of the late proterozoic debengdinskaya formation of the olenekskiy uplift  |b Electronic resource  |f A. M. Stanevich [et al.] 
203 |a Text  |c electronic 
215 |a 1 файл (1 Мб) 
225 1 |a Historical geology 
230 |a Электронные текстовые данные (1 файл : 1 Мб) 
300 |a Заглавие с титульного листа 
300 |a Электронная версия печатной публикации 
320 |a [Bibliography: p. 14 (18 titles)] 
330 |a Microfossils from the Middle Riphean Debengdinskaya formation of the Olenekskiy uplift have been studied. Various stenoorganic forms of acritarchs and cyanobacteries are described. Morphological groups which are preliminary compared with large flora taxons are allocated among acritarchs : brown and green seaweed, mushrooms, seaweed located in symbiotic relations (?) with cyanobionts. The prematurity of radical conclusions about age of the deposit based on majority of Proterozoic microfossils is underlined 
337 |a Adobe Reader 
461 1 |0 (RuTPU)RU\TPU\book\169973  |t Bulletin of the Tomsk Polytechnic University  |f Tomsk Polytechnic University (TPU)  |d 2006-2007 
463 1 |0 (RuTPU)RU\TPU\book\197808  |x 1684-8519  |t Vol. 311, № 1  |v [P. 9-14]  |d 2007  |p 139 p. 
610 1 |a microfossils 
610 1 |a Debengdinskaya formation 
610 1 |a Olenekskiy uplift 
610 1 |a acritarchs 
610 1 |a cyanobacteries 
610 1 |a morphological groups 
610 1 |a taxons 
610 1 |a brown seaweed 
610 1 |a green seaweed 
610 1 |a mushrooms 
610 1 |a cyanobionts 
610 1 |a Proterozoic 
610 1 |a электронный ресурс 
675 |a 551.72:561.2(571.51)  |v 3 
701 1 |a Stanevich  |b A. M. 
701 1 |a Maksimova  |b E. N. 
701 1 |a Kornilova  |b T. A. 
701 1 |a Mazukabzov  |b A. M. 
701 1 |a Gladkochub  |b D. P. 
801 1 |a RU  |b 63413507  |c 20090623  |g PSBO 
801 2 |a RU  |b 63413507  |c 20160128  |g PSBO 
856 4 |u http://www.lib.tpu.ru/fulltext/v/Bulletin_TPU/2007/v311eng/i1/02.pdf 
942 |c CF